000 01197nam a2200265 a 4500
001 000026925
003 OSt
005 20260305073951.0
008 110328s1982 dr 000 0 spa d
040 _aDO-SdBNP
_bspa
_cBNPHU
082 _a330.97293
_bF745i
110 2 _aFORUM
_98563
245 1 0 _aImplicaciones de la nueva política económica /
_ceditor Frank Moya Pons.
260 _aSanto Domingo :
_bFORUM,
_c1982.
300 _a111 p. ;
_c22 cm.
490 1 _aFORUM ;
_v6
505 0 _tPresentación --
_tIntroducción /
_rRafael Herrera --
_tImplicaciones macroeconómicas de la nueva política económica /
_rFrederich E. Bergés --
_gDebate --
_tImplicaciones que para el empresariado nacional tiene la nueva política económica /
_rMario Cabrera --
_gDebate --
_tImplicaciones económicas y sociales de la nueva política económica /
_rJosé Israel Cuello --
_gDebate.
590 _aInventariado, 2018/ YL
651 4 _aRepública Dominicana
_xCondiciones Económicas
_9281
651 4 _aRepública Dominicana
_xPolítica Económica
_9643
700 1 _aMoya Pons, Frank,
_d1944-
_eed.
_92095
830 0 _aFORUM ;
_n6
_954026
910 _aValidado. Control de calidad EMS
942 _2ddc
_cLBS1
999 _c26417
_d26417